LEADER 01103nam1-2200337li-450- 001 990000182300203316 035 $a0018230 035 $aUSA010018230 035 $a(ALEPH)000018230USA01 035 $a0018230 100 $a20001109d1971----km-y0itay0103----ba 101 0 $aeng 102 $aUS 200 1 $aAtomic physics and astrophysics 210 $aNew York [etc.]$cGordon and Breach Science Publishers$dcopyr. 1971- 215 $av.$cill.$d23 cm 300 $ain testa al front.: brandeis university summer institute in theoretical physics. 315 $aaltro genere 610 1 $aastrofisica 610 1 $aFisica atomica 676 $a5397$9Fisica atomica e nucleare 712 02$aUniversity of$b. Summer Institute in Theoretical Physics$cBrandeis 801 $aSistema bibliotecario di Ateneo dell' Universit? di Salerno$gRICA 912 $a990000182300203316 959 $aBK 979 $c19970129 979 $c20001110$lUSA01$h1713 979 $c20020403$lUSA01$h1626 979 $aPATRY$b90$c20040406$lUSA01$h1613 979 $aPATRY$b90$c20070626$lUSA01$h1524 997 $aUNISA LEADER 02203oam 2200577zu 450 001 9910139413203321 005 20220718222732.0 010 $a0-470-33972-1 010 $a0-470-33981-0 035 $a(CKB)2480000000008321 035 $a(SSID)ssj0000403614 035 $a(PQKBManifestationID)11264356 035 $a(PQKBTitleCode)TC0000403614 035 $a(PQKBWorkID)10433231 035 $a(PQKB)10307668 035 $a(EXLCZ)992480000000008321 100 $a20160829d2008 uy 101 0 $aeng 181 $ctxt 182 $cc 183 $acr 200 10$aAdvances in electronic ceramics : a collection of papers presented at the 31st International Conference on Advanced Ceramics and Composites, January 21-26, 2007, Daytona Beach, Florida 210 31$a[Place of publication not identified]$cWiley Interscience$d2008 225 0 $aCeramic engineering and science proceedings Advances in Electronic Ceramics 300 $aBibliographic Level Mode of Issuance: Monograph 311 $a0-470-19639-4 606 $aElectronic ceramics$vCongresses 606 $aSolid oxide fuel cells$vCongresses 606 $aCeramic materials$vCongresses 606 $aComposite materials$vCongresses 606 $aElectrical & Computer Engineering$2HILCC 606 $aEngineering & Applied Sciences$2HILCC 606 $aElectrical Engineering$2HILCC 615 0$aElectronic ceramics 615 0$aSolid oxide fuel cells 615 0$aCeramic materials 615 0$aComposite materials 615 7$aElectrical & Computer Engineering 615 7$aEngineering & Applied Sciences 615 7$aElectrical Engineering 676 $a620.1/404297 702 $aRandall$b Clive 702 $aZhu$b Dongming 702 $aSalem$b Jonathan 712 02$aAmerican Ceramic Society, Inc. 712 12$aInternational Conference on Advanced Ceramics and Composites 801 0$bPQKB 906 $aBOOK 912 $a9910139413203321 996 $aAdvances in Electronic Ceramics : a collection of papers presented at the 31st International Conference on Advanced Ceramics and Composites, January 21-26, 2007, Daytona Beach, Florida$92101320 997 $aUNINA